ARRUPE JESUIT UNIVERSITY

CORONAVIRUS -STOP THE SPREAD - CLEAN,DISINFECT,COVER

Preparing for peace : (Record no. 129082)

MARC details
000 -LEADER
fixed length control field 01118cam a2200277 a 4500
001 - CONTROL NUMBER
control field 2071500
003 - CONTROL NUMBER IDENTIFIER
control field ARRUPE
005 - DATE AND TIME OF LATEST TRANSACTION
control field 20190222085234.0
008 - FIXED-LENGTH DATA ELEMENTS--GENERAL INFORMATION
fixed length control field 941227s1995 nyua b 001 0 eng
010 ## - LIBRARY OF CONGRESS CONTROL NUMBER
LC control number 94049199
020 ## - INTERNATIONAL STANDARD BOOK NUMBER
International Standard Book Number 0815626568 (cloth : acidfree)
040 ## - CATALOGING SOURCE
Original cataloging agency DLC
Transcribing agency DLC
Modifying agency DLC
050 00 - LIBRARY OF CONGRESS CALL NUMBER
Classification number JX1255
Item number .L43 1995
082 00 - DEWEY DECIMAL CLASSIFICATION NUMBER
Classification number 337
Edition number 20
300 ## - PHYSICAL DESCRIPTION
Other physical details ill. ;
Dimensions 23 cm.
100 1# - MAIN ENTRY--PERSONAL NAME
Personal name Lederach, John Paul.
9 (RLIN) 44834
245 10 - TITLE STATEMENT
Title Preparing for peace :
Remainder of title conflict transformation across cultures /
Statement of responsibility, etc John Paul Lederach.
260 ## - PUBLICATION, DISTRIBUTION, ETC. (IMPRINT)
Place of publication, distribution, etc Syracuse, N.Y. :
Name of publisher, distributor, etc Syracuse University Press,
Date of publication, distribution, etc c1995.
300 ## - PHYSICAL DESCRIPTION
Extent xi, 133 p. :
440 #0 - SERIES STATEMENT/ADDED ENTRY--TITLE
Title Syracuse studies on peace and conflict resolution
9 (RLIN) 44835
504 ## - BIBLIOGRAPHY, ETC. NOTE
Bibliography, etc Includes bibliographical references (p. 125-128) and index.
650 #0 - SUBJECT ADDED ENTRY--TOPICAL TERM
Topical term or geographic name as entry element International relations and culture.
9 (RLIN) 7907
650 #0 - SUBJECT ADDED ENTRY--TOPICAL TERM
Topical term or geographic name as entry element Pacific settlement of international disputes.
9 (RLIN) 44836
906 ## - LOCAL DATA ELEMENT F, LDF (RLIN)
a 7
b cbc
c orignew
d 1
e ocip
f 19
g y-gencatlg
942 ## - ADDED ENTRY ELEMENTS (KOHA)
Source of classification or shelving scheme Library of Congress Classification
Koha item type Monograph ( Printed materials)
Holdings
Withdrawn status Lost status Source of classification or shelving scheme Damaged status Not for loan Collection code Home library Current library Shelving location Date acquired Total Checkouts Full call number Barcode Date last seen Date checked out Price effective from Koha item type
    Library of Congress Classification     Main Collection ARRUPE LIBRARY ARRUPE LIBRARY Main Collection 22/02/2019 1 JX1255 .L43 1995 46600003928 02/05/2023 11/04/2023 22/02/2019 Monograph ( Printed materials)

 

Arrupe Library. PO Box MP320 Mt Pleasant, Harare, Zimbabwe
263 242 745411|librarian@aju.ac.zw